| 000 | 00411nam a22001697a 4500 | ||
|---|---|---|---|
| 003 | MPLRDC | ||
| 005 | 20220104114424.0 | ||
| 008 | 210129b ||||| |||| 00| 0 eng d | ||
| 020 | _a957-544-521-X | ||
| 082 | _a857.63 CKL v.11 | ||
| 100 | _a岑凯伦 | ||
| 245 |
_a蓝色眼睛的爱情 _c |
||
| 260 |
_a _b环球出版社 _c |
||
| 300 | _b平 | ||
| 650 | _a短篇小说--别集 | ||
| 942 |
_cBK _o857.63 CKL v.11 |
||
| 999 |
_c7352 _d7342 |
||